|
|
|
|
| LEADER |
01208nam a2200253 a 4500 |
| 001 |
13844551 |
| 008 |
090803s2006 mauab b 001 0 eng d |
| 010 |
|
|
|a 2005001288
|
| 020 |
|
|
|a 9780072826821
|
| 020 |
|
|
|a 0072826827 (hard copy : alk. paper)
|
| 040 |
|
|
|a DLC
|c DLC
|d DLC
|
| 082 |
0 |
0 |
|a 910/.285
|2 22
|
| 100 |
1 |
|
|a Chang, Kang-Tsung.
|
| 245 |
1 |
0 |
|a Introduction to geographic information systems /
|c Kang-tsung Chang.
|
| 250 |
|
|
|a 3rd ed.
|
| 260 |
|
|
|a Boston :
|b McGraw-Hill Higher Education,
|c c2006.
|
| 300 |
|
|
|a xv, 432 p. :
|b ill., maps ;
|c 25 cm.
|e + 1 CD-ROM (4 3/4 in.)
|
| 500 |
|
|
|a Includes bibliographical references and index.
|
| 538 |
|
|
|a System requirements for accompanying CD-ROM: IBM-compatible PC; Windows 98; Windows NT; Windows 2000; Windows ME; Windows XP, Pentium 233MHz or better; 16 MB RAM; 4x CD-ROM drive (16x or better recommended).
|
| 541 |
1 |
|
|e 000017521
|
| 650 |
|
0 |
|a Geographic information systems.
|
| 852 |
4 |
|
|a Ayesha Abed Library
|j General shelf
|
| 999 |
|
|
|c 3010
|d 3010
|
| 952 |
|
|
|0 0
|1 0
|2 ddc
|4 0
|6 910_285000000000000_CHA
|7 0
|9 2725
|a BRACUL
|b BRACUL
|c GEN
|d 2009-08-18
|g 0.00
|l 1
|o 910.285 CHA
|p 3010017521
|r 2011-07-03
|s 2011-06-29
|t 1
|w 2009-08-18
|y BK
|x No price found in the accession register.
|